00650nam a2200181 a 450000100100000000500170001000800410002702000150006804000250008310000220010824000400013024501460017026000380031630000210035449000320037570000290040783000320043600004268520201002040327.0140206s1999 sp a 000 0 spa d a8440690258 aDO-SdBNPbspacBNPHU1 aMillman, Lawrence10aLast places. A journey in the north10aEn los confines del mundo :bpor el Atlántico Norte, siguiendo la ruta de los vikingos /cLawrence Millman; traducción, Ángela Pérez. aBarcelona, :bEdiciones B,c1999. a297 p. ;c19 cm.1 aBiblioteca Grandes Viajeros1 aPérez, Ángelaetrad. 0aBiblioteca Grandes Viajeros